000 00482nam a2200181Ia 4500
999 _c29265
_d29265
003 OSt
005 20201127144557.0
008 190216s9999||||xx |||||||||||||| ||und||
020 _a9788126404124
040 _coclc
082 _a920
_bGOP/N
100 _aGopi, Bharath
_96789
245 0 _aNadaka Niyogam /
_cBharath Gopi
260 _bDc Books,
_a Kottayam;
_c2002.
300 _a108p
650 _aOormakurip
942 _cBK
_2ddc
_h920
_iGOP/N
_k920
_mGOP/N